00992nam a2200253Ia 4500001002100000003000900021008004100030040002300071041001300094100002000107240002200127245007500149250001500224260002800239300001900267490003000286501012400316700002400440700003000464942000700494957000600501999004100507952019000548230-WAR vi mi (6038)IT-MiSPE171229s9999||||xx |||||||||||||| ||und|| aIT-MiSPEcIT-MiSPE aITALIANO aViktor Warnach  aChristusmysterium 0aIl Mistero di CristobUna sintesi alla luce della teologia dei misteri a1a ed. (v) aRomabEd. Paolinec1983 a253 p. c22 cm aProspettive teologichev3 aEdizioni San Paolo srl - Piazza Soncino, 5 - 20092 CINISELLO BALSAMO (MI) (non commercial uses only) ® Copyright 2018 aBurkhard Neunheuser aCarlo Dannag(traduzione) cBK 71 a8457bNOg Copie: 1 c340128d340128 0010406230WAR_VI_MI_603871aCINISELLObCINISELLOd2017-12-30l0o230-WAR vi mi (6038)r2017-12-30 00:00:00w2017-12-30yBKz(data import: 20 dicembre 2017) - By Epidotti, Vaglietti.